|
|
|
|
| LEADER |
00934cam a2200241 7i4500 |
| 001 |
0000067703 |
| 005 |
20220331090000.0 |
| 020 |
|
|
|a 9780367715892 (pbk
|
| 020 |
|
|
|a 9780367226893 (hbk)
|
| 020 |
|
|
|a 9780429276392 (electronic book)
|
| 090 |
0 |
0 |
|a MT6.B59
|b R68 2021
|
| 245 |
0 |
4 |
|a The Routledge companion to aural skills pedagogy :
|b before, in, and beyond higher education
|c edited by Kent D. Cleland and Paul Fleet.
|
| 264 |
|
|
|a New York:
|b Routledge,
|c 2021.
|
| 300 |
|
|
|a 1 online resource ( xxi, 493 pages):
|b illustrations, text file, PDF.
|
| 336 |
|
|
|a text
|2 rdacontent
|
| 337 |
|
|
|a computer
|2 rdamedia
|
| 338 |
|
|
|a online resource
|2 rdacarrier
|
| 650 |
0 |
0 |
|a Listening
|
| 650 |
0 |
0 |
|a Music appreciation
|
| 655 |
0 |
0 |
|a Electronic books
|
| 856 |
4 |
2 |
|u http://library.unisel.edu.my/web/guest/mylibrary
|
| 997 |
|
|
|a Education & Social Sciences, Faculty
|b Education, Department
|
| 999 |
|
|
|a EBO0012147
|b EBOOK
|c EBOOK
|e Electronic resources
|